<?xml version="1.0" encoding="UTF-8"?>
<record
    xmlns:xsi="http://www.w3.org/2001/XMLSchema-instance"
    xsi:schemaLocation="http://www.loc.gov/MARC21/slim http://www.loc.gov/standards/marcxml/schema/MARC21slim.xsd"
    xmlns="http://www.loc.gov/MARC21/slim">

  <leader>02243cam a2200397 a 4500</leader>
  <controlfield tag="001">15678763</controlfield>
  <controlfield tag="003">OSt</controlfield>
  <controlfield tag="005">20240530110942.0</controlfield>
  <controlfield tag="008">090330s2003    ua a     b    001 0 ara d</controlfield>
  <datafield tag="020" ind1=" " ind2=" ">
    <subfield code="a">9782724703535</subfield>
  </datafield>
  <datafield tag="040" ind1=" " ind2=" ">
    <subfield code="c">EG-CAGPL</subfield>
  </datafield>
  <datafield tag="041" ind1="0" ind2=" ">
    <subfield code="a">ara</subfield>
    <subfield code="a">fre</subfield>
  </datafield>
  <datafield tag="082" ind1=" " ind2=" ">
    <subfield code="2">21</subfield>
    <subfield code="a">962.02 \</subfield>
    <subfield code="b">K D</subfield>
  </datafield>
  <datafield tag="100" ind1="1" ind2=" ">
    <subfield code="6">880-01</subfield>
    <subfield code="a">Khashsh&#x101;b, Ism&#x101;&#x2BB;&#x12B;l ibn Sa&#x2BB;d,</subfield>
    <subfield code="d">-1815.</subfield>
  </datafield>
  <datafield tag="245" ind1="1" ind2="3">
    <subfield code="6">880-02</subfield>
    <subfield code="a">al-T&#x101;r&#x12B;kh al-musalsal f&#x12B; &#x1E25;aw&#x101;dith al-zam&#x101;n wa-waq&#x101;yi&#x2BB; al-d&#x12B;w&#x101;n, 1800-1801 /</subfield>
    <subfield code="c">li-Ism&#x101;&#x2BB;&#x12B;l al-Khashsh&#x101;b ; ta&#x1E25;q&#x12B;q wa-ta&#x1E25;l&#x12B;l wa-ta&#x2BB;l&#x12B;q Mu&#x1E25;ammad &#x2BB;Af&#x12B;f&#x12B; wa-Andr&#x12B;h Raym&#x16B;n ; taqd&#x12B;m Zh&#x16B;n Far&#x101;nsw&#x101; Kl&#x12B;mint ma&#x2BB;a nubdhah li-M&#x101;r&#x12B; Zh&#x12B;n&#x12B;v&#x12B;y&#x101;v J&#x12B;d&#x16B;n.</subfield>
  </datafield>
  <datafield tag="246" ind1="1" ind2="5">
    <subfield code="a">D&#x131;&#x302;w&#xE2;n du Caire, 1800-1801</subfield>
  </datafield>
  <datafield tag="260" ind1=" " ind2=" ">
    <subfield code="6">880-03</subfield>
    <subfield code="a">al-Q&#x101;hirah :</subfield>
    <subfield code="b">al-Ma&#x2BB;had al-&#x2BB;Ilm&#x12B; al-Farans&#x12B; lil-&#x100;th&#x101;r al-Sharq&#x12B;yah,</subfield>
    <subfield code="c">2003.</subfield>
  </datafield>
  <datafield tag="300" ind1=" " ind2=" ">
    <subfield code="a">20, 17, 153, 78, xxviii p. :</subfield>
    <subfield code="b">ill. ;</subfield>
    <subfield code="c">28 cm.</subfield>
  </datafield>
  <datafield tag="490" ind1="1" ind2=" ">
    <subfield code="6">880-04</subfield>
    <subfield code="a">Nu&#x1E63;&#x16B;&#x1E63; &#x2BB;Arab&#x12B;yah wa-dir&#x101;s&#x101;t Isl&#x101;m&#x12B;yah ;</subfield>
    <subfield code="v">al-mujallad 39</subfield>
  </datafield>
  <datafield tag="504" ind1=" " ind2=" ">
    <subfield code="a">Includes bibliographical references and indexes.</subfield>
  </datafield>
  <datafield tag="546" ind1=" " ind2=" ">
    <subfield code="a">Arabic and French.</subfield>
  </datafield>
  <datafield tag="650" ind1="1" ind2="7">
    <subfield code="a">Volksvertegenwoordiging.</subfield>
    <subfield code="2">gtt</subfield>
  </datafield>
  <datafield tag="651" ind1=" " ind2="0">
    <subfield code="a">Egypt</subfield>
    <subfield code="x">History</subfield>
    <subfield code="y">French occupation, 1798-1801</subfield>
    <subfield code="v">Sources.</subfield>
  </datafield>
  <datafield tag="651" ind1=" " ind2="0">
    <subfield code="a">Egypt</subfield>
    <subfield code="x">Politics and government</subfield>
    <subfield code="y">640-1882</subfield>
    <subfield code="v">Sources.</subfield>
  </datafield>
  <datafield tag="700" ind1="1" ind2=" ">
    <subfield code="a">&#x2BB;Af&#x12B;f&#x12B;, Mu&#x1E25;ammad.</subfield>
  </datafield>
  <datafield tag="700" ind1="1" ind2=" ">
    <subfield code="a">Raymond, Andr&#xE9;.</subfield>
  </datafield>
  <datafield tag="700" ind1="1" ind2=" ">
    <subfield code="a">Cl&#xE9;ment, J.-F.</subfield>
    <subfield code="q">(Jean-Fran&#xE7;ois)</subfield>
  </datafield>
  <datafield tag="700" ind1="1" ind2=" ">
    <subfield code="a">Guesdon, Marie-Genevi&#xE8;ve.</subfield>
  </datafield>
  <datafield tag="830" ind1=" " ind2="0">
    <subfield code="a">Textes arabes et &#xE9;tudes islamiques ;</subfield>
    <subfield code="v">t. 39.</subfield>
  </datafield>
  <datafield tag="880" ind1="1" ind2=" ">
    <subfield code="6">100-01/(3/r</subfield>
    <subfield code="a">&#x62E;&#x634;&#x627;&#x628;&#x60C; &#x627;&#x633;&#x645;&#x627;&#x639;&#x64A;&#x644; &#x628;&#x646; &#x633;&#x639;&#x62F;&#x60C;</subfield>
    <subfield code="d">-1815.</subfield>
  </datafield>
  <datafield tag="880" ind1="1" ind2="2">
    <subfield code="6">245-02/(3/r</subfield>
    <subfield code="a">&#x627;&#x644;&#x62A;&#x627;&#x631;&#x64A;&#x62E; &#x627;&#x644;&#x645;&#x633;&#x644;&#x633;&#x644; &#x641;&#x64A; &#x62D;&#x648;&#x627;&#x62F;&#x62B; &#x627;&#x644;&#x632;&#x645;&#x627;&#x646; &#x648;&#x648;&#x642;&#x627;&#x64A;&#x639; &#x627;&#x644;&#x62F;&#x64A;&#x648;&#x627;&#x646;&#x60C; 1800-801 /</subfield>
    <subfield code="c">&#x644;&#x627;&#x633;&#x645;&#x627;&#x639;&#x64A;&#x644; &#x627;&#x644;&#x62E;&#x634;&#x627;&#x628; &#x61B; &#x62A;&#x62D;&#x642;&#x64A;&#x642; &#x648;&#x62A;&#x62D;&#x644;&#x64A;&#x644; &#x648;&#x62A;&#x639;&#x644;&#x64A;&#x642; &#x645;&#x62D;&#x645;&#x62F; &#x639;&#x641;&#x64A;&#x641;&#x64A; &#x648;&#x627;&#x646;&#x62F;&#x631;&#x64A;&#x647; &#x631;&#x64A;&#x645;&#x648;&#x646; &#x61B; &#x62A;&#x642;&#x62F;&#x64A;&#x645; &#x686;&#x648;&#x646; &#x641;&#x631;&#x627;&#x646;&#x633;&#x648;&#x627; &#x643;&#x644;&#x64A;&#x645;&#x646;&#x62A; &#x645;&#x639; &#x646;&#x628;&#x630;&#x629; &#x644;&#x645;&#x627;&#x631;&#x64A; &#x686;&#x64A;&#x646;&#x64A;&#x6A4;&#x64A;&#x627;&#x6A4; &#x62C;&#x64A;&#x62F;&#x648;&#x646;.</subfield>
  </datafield>
  <datafield tag="880" ind1=" " ind2=" ">
    <subfield code="6">260-03/(3/r</subfield>
    <subfield code="a">&#x627;&#x644;&#x642;&#x627;&#x647;&#x631;&#x629; :</subfield>
    <subfield code="b">&#x627;&#x644;&#x645;&#x639;&#x647;&#x62F; &#x627;&#x644;&#x639;&#x644;&#x645;&#x64A; &#x627;&#x644;&#x641;&#x631;&#x646;&#x633;&#x64A; &#x644;&#x644;&#x622;&#x62B;&#x627;&#x631; &#x627;&#x644;&#x634;&#x631;&#x642;&#x64A;&#x629;&#x60C;</subfield>
    <subfield code="c">2003.</subfield>
  </datafield>
  <datafield tag="880" ind1=" " ind2="0">
    <subfield code="6">440-00/(3/r</subfield>
    <subfield code="a">&#x646;&#x635;&#x648;&#x635; &#x639;&#x631;&#x628;&#x64A;&#x629; &#x648;&#x62F;&#x631;&#x627;&#x633;&#x627;&#x62A; &#x625;&#x633;&#x644;&#x627;&#x645;&#x64A;&#x629; &#x61B;</subfield>
    <subfield code="v">&#x627;&#x644;&#x645;&#x62C;&#x644;&#x62F; 39</subfield>
  </datafield>
  <datafield tag="880" ind1="1" ind2=" ">
    <subfield code="6">490-04/(3/r</subfield>
    <subfield code="a">&#x646;&#x635;&#x648;&#x635; &#x639;&#x631;&#x628;&#x64A;&#x629; &#x648;&#x62F;&#x631;&#x627;&#x633;&#x627;&#x62A; &#x627;&#x633;&#x644;&#x627;&#x645;&#x64A;&#x629; &#x61B;</subfield>
    <subfield code="v">&#x627;&#x644;&#x645;&#x62C;&#x644;&#x62F; 39</subfield>
  </datafield>
  <datafield tag="942" ind1=" " ind2=" ">
    <subfield code="2">ddc</subfield>
    <subfield code="c">BK</subfield>
  </datafield>
  <datafield tag="999" ind1=" " ind2=" ">
    <subfield code="c">66842</subfield>
    <subfield code="d">66842</subfield>
  </datafield>
  <datafield tag="952" ind1=" " ind2=" ">
    <subfield code="0">0</subfield>
    <subfield code="1">0</subfield>
    <subfield code="2">ddc</subfield>
    <subfield code="4">0</subfield>
    <subfield code="7">0</subfield>
    <subfield code="a">CAI</subfield>
    <subfield code="b">CAI</subfield>
    <subfield code="c">&#x627;&#x644;&#x62A;&#x627;&#x631;&#x64A;&#x62E; &#x648;&#x627;&#x644;&#x62C;&#x63A;&#x631;&#x627;&#x641;&#x64A;&#x627;-&#x627;&#x646;&#x62C;&#x644;&#x64A;&#x632;&#x649;</subfield>
    <subfield code="d">2022-11-08</subfield>
    <subfield code="l">0</subfield>
    <subfield code="o">962.02 \ K D</subfield>
    <subfield code="p">168800</subfield>
    <subfield code="r">2022-11-08 00:00:00</subfield>
    <subfield code="w">2022-11-08</subfield>
    <subfield code="y">BK</subfield>
  </datafield>
</record>
